000 00629nam a2200193 a 4500
005 20200104041519.0
008 140226b1998 gt ||||| |||| 00| 0 eng d
040 _aCO-BoIAVH
_cCO-BoIAVH
041 _aeng
090 _aLB
_b01209
111 _aWorking Meeting of the SUI/SUSG Steering Committee
_cGuatemala
_d1998
_942016
245 _aDraft summary record of the 5th working meeting of the SUI/SUSG steering committee
260 _aGuatemala
_bSUSGSteering Committee
_c1998
300 _a65 p.
650 _aUso sostenible
_9344
650 _aBiodiversidad
_992204
650 _aPolĂ­tica ambiental
_942019
942 _cINFORME
_2z
999 _c1219
_d1219